000 00541nam a2200193Ia 4500
003 GCL
008 140319s9999 xx 000 0 ara d
040 _aGCL /
_cGCL
082 0 4 _a415
_bه خ
100 1 _aهدى جنهويشى
245 1 0 _aخلاف الأخفش الأوسط عن سيبويه /
_cهدى جنهويشى
260 _a[S.N] :
_bمكتبة دار الثقافة ،
_c1993
300 _a556 ص
490 _a
650 0 4 _aالنحو
650 0 4 _aاللغة العربية
650 0 4 _aالصرف
942 _2ddc
_cBK
999 _c28288
_d28288